| 000 | 00412nam a2200181 4500 | ||
|---|---|---|---|
| 005 | 20260213134542.0 | ||
| 008 | CU66 | ||
| 020 | _a0324318928 | ||
| 050 | _aHF 5549 MAT | ||
| 100 | _aMATHIS,L. ROBERT | ||
| 245 | _aHUMAN RESOURCE MANAGEMENT | ||
| 250 | _a10TH | ||
| 260 |
_aAUSTRALIA _bTHOMSON _c2004 |
||
| 300 | _aV,421p.,ILLUS. | ||
| 500 | _aGLOSSARY,INDEX | ||
| 700 | _aJACKSON,JOHN H. | ||
| 942 |
_2lcc _cBK _n0 |
||
| 999 |
_c8696 _d8696 |
||